Cena P. O. Hviezdoslava za rok 2004

Bibliographic Details
Format: Article
Language:Slovak
ISSN:1335-1702
Subjects:

MARC

LEADER 00000nab a2200000 a 4500
001 vtls008187335
003 SK-MaSNL
005 20260304223930.0
008 140527c2005 xo mr|p|||||||000 b|slo
015 |a SNBRB2005/08  |2 snkbucl 
038 |a SNKBUCL 
040 |a SNKBUCL  |b slo  |c SNKBUCL  |e AACR2 
041 0 |a slo 
044 |a xo  |c SK 
080 |a 82:929:821.161.2  |2 1997 
080 |a 821.161.2:929  |2 1997 
080 |a 82:061.7  |2 1997 
080 |a 929 Andruchiv, Dmytro Semenovyč  |2 1997 
245 0 0 |a Cena P. O. Hviezdoslava za rok 2004 
600 1 7 |a Andruchiv, Dmytro Semenovyč,  |d 1934-2009  |2 snkbucl  |9 98231 
650 0 7 |a Cena P. O. Hviezdoslava  |y za r. 2004  |2 snkbucl  |9 1558469 
650 0 7 |a literárne ceny  |2 snkbucl  |9 72846 
650 0 7 |a ceny a vyznamenania  |2 snkbucl  |9 73045 
773 0 |t RAK  |g Roč. X, č. 3 (2005), s. 53  |x 1335-1702 
852 |a SNK  |b KIS3GCP 
958 |a UA 
958 |a BC 
958 |a LX 
999 |c 3170367  |d 3172297